GROSSMANS ENDODONTICS PRACTICE (Record no. 4520)

MARC details
000 -LEADER
fixed length control field 00384nam a2200145Ia 4500
008 - FIXED-LENGTH DATA ELEMENTS--GENERAL INFORMATION
fixed length control field 150201s2010 xx 000 0 und d
082 ## - DEWEY DECIMAL CLASSIFICATION NUMBER
Classification number 617.6342
Item number G2010C
100 ## - MAIN ENTRY--PERSONAL NAME
Personal name CHANDRA SURESH
245 ## - TITLE STATEMENT
Title GROSSMANS ENDODONTICS PRACTICE
250 ## - EDITION STATEMENT
Edition statement 12TH
260 ## - PUBLICATION, DISTRIBUTION, ETC. (IMPRINT)
Name of publisher, distributor, etc. WOLTER KLUWER
Place of publication, distribution, etc. DELHI
Date of publication, distribution, etc. 2010
300 ## - PHYSICAL DESCRIPTION
Extent 1-515
650 ## - SUBJECT ADDED ENTRY--TOPICAL TERM
Topical term or geographic name as entry element CONSERVATIVE DENTISTRY & ENDODONTICS
942 ## - ADDED ENTRY ELEMENTS (KOHA)
Source of classification or shelving scheme Dewey Decimal Classification
Koha item type Books
Koha issues (borrowed), all copies 22
Holdings
Withdrawn status Lost status Source of classification or shelving scheme Damaged status Not for loan Home library Current library Date acquired Source of acquisition Cost, normal purchase price Serial Enumeration / chronology SGTU Bill Number Total Checkouts Full call number Barcode Date last seen Date last checked out Bill Date Koha item type Total Renewals
    Dewey Decimal Classification     SGT Dental Library SGT Dental Library 29/10/2010 U.B.S.DELHI 550.00 1 SGTU 620 3 617.6342 G2010C FD6201 12/02/2025 12/02/2025 01/04/2013 Books  
    Dewey Decimal Classification     SGT Dental Library SGT Dental Library 29/10/2010 U.B.S.DELHI 550.00 1 SGTU 620 34 617.6342 G2010C FD6202 22/07/2021 22/07/2021 01/04/2013 Books  
    Dewey Decimal Classification     SGT Dental Library SGT Dental Library 29/10/2010 U.B.S.DELHI 550.00 1 SGTU 620 27 617.6342 G2010C FD6203 27/08/2024 27/08/2024 01/04/2013 Books 1
    Dewey Decimal Classification     SGT Dental Library SGT Dental Library 29/10/2010 U.B.S.DELHI 550.00 1 SGTU 620   617.6342 G2010C FD6204 09/02/2015   01/04/2013 Books  
    Dewey Decimal Classification     SGT Dental Library SGT Dental Library 29/10/2010 U.B.S.DELHI 550.00 1 SGTU 620 31 617.6342 G2010C FD6205 06/09/2024 06/09/2024 01/04/2013 Books